| 000 | 00567nam a2200217Ia 4500 | ||
|---|---|---|---|
| 008 | 160319s9999 xx 000 0 und d | ||
| 020 | _a9714804981 | ||
| 050 | _a330 | ||
| 050 | _bM252p 2006 | ||
| 100 | _aLargoza, Gerardo. | ||
| 245 | _aPanahon, kasaysayan, at lipunan IV : | ||
| 245 | _bekonomiks / | ||
| 245 | _cGerardo Largoza. | ||
| 260 | _aMakati City : | ||
| 260 | _bDiwa Textbooks. | ||
| 260 | _c2006 | ||
| 300 | _a314 pages : | ||
| 300 | _bfigs., graphs, pics | ||
| 500 | _aIncludes index. | ||
| 650 | _aEconomics -- Philippines (Filipino) | ||
| 999 |
_c292117 _d292117 |
||